| 000 | 00859cam a2200265 4500 | ||
|---|---|---|---|
| 001 | D11196 | ||
| 008 | 090401t1971 xxu||||| |||| 00| 0 eng d | ||
| 035 | _a(Sirsi) u97506 | ||
| 041 | _aeng | ||
| 050 | _a338.4369 | ||
| 100 | _aNott, Clifford Marshall | ||
| 245 | _aValue for money-the economics of land and building : study day for elected members of local authorities, 10th November 1971. Paper 3 : Cost control from inception to completion. | ||
| 260 | _bRICS, 1971 | ||
| 300 |
_aii,14p. _c30cm. |
||
| 350 | _a0.00 | ||
| 520 | _aFiled together with Paper 1 : Land - the scarce commodity. | ||
| 650 | _aCOST ADVICE | ||
| 650 | _aDEVELOPMENT COSTS | ||
| 650 | _aLOCAL AUTHORITIES | ||
| 650 | _aPROJECT COSTS | ||
| 690 | _aBUILT ENVIRONMENT-BUILDING COSTS | ||
| 710 |
_aPublic Officers Committee _91463 |
||
| 942 | _n0 | ||
| 948 | _c04/03/1997 | ||
| 999 |
_c98918 _d98918 |
||